| 000 | 01665cam a22004934i 4500 | ||
|---|---|---|---|
| 003 | PE-LiUPU | ||
| 005 | 20250731165629.0 | ||
| 008 | 150616s r 000 0 d | ||
| 035 | _a(Sirsi) a6391 | ||
| 035 | _a(Sirsi) a6391 | ||
| 040 |
_aPE-LiUPU _bspa _cPE-LiUPU _erda |
||
| 049 | _aPRUA | ||
| 082 | 0 | 4 |
_a453d _bM26 _221 |
| 100 | 1 |
_aMartínez Amador, Emilio M., _eautor. |
|
| 245 | 1 | 0 | _aDiccionario Italiano-Español Español-Italiano. |
| 264 | 1 |
_aBarcelona : _bEditorial Ramón Sopena, _c1979. |
|
| 300 |
_a1434 páginas ; _c26 cm. |
||
| 336 |
_atext _2rdacontent |
||
| 337 |
_aunmediated _2rdamedia |
||
| 338 |
_avolume _2rdacarrier |
||
| 505 | 0 | _aTraducción de palabras del Italiano y Español A - Z Diccionarios. | |
| 526 | _aSEG44 | ||
| 526 | _aSEG26 | ||
| 526 | _aP151 | ||
| 526 | _aP150 | ||
| 526 | _aP149 | ||
| 526 | _aP146 | ||
| 526 | _aP145 | ||
| 526 | _aP126 | ||
| 526 | _aP125 | ||
| 526 | _aP92 | ||
| 526 | _aP75 | ||
| 526 | _aP74 | ||
| 526 | _aP27 | ||
| 526 | _aP15 | ||
| 650 | 0 | 4 | _aITALIANO-ESPAÑOL - DICCIONARIOS. |
| 910 |
_ajck _bjvq _cjck |
||
| 942 |
_2ddc _cBOOK |
||
| 949 |
_aRC 453D M26 _wDEWEY _c1 _i39658 _lRC _mBUL _r0 _sY _tBOOK _u2015-6-16 _xTEOLOGIA _zUNKNOWN _0COMPRA _o.CIRCNOTE. No olvidar cambiar la fecha de devolución!!!!!!! _o.STAFF. Colección General |
||
| 994 |
_aC0 _bPEPRU |
||
| 596 | _a1 | ||
| 999 |
_aRC 453D M26 _wDEWEY _c57519 _i39658 _f2021-11-8 _g5 _lRCG _mBUL _r1 _sY _tBOOK _u2015-6-16 _xBIBLIOTECA _zUNKNOWN _0COMPRA _o.CIRCNOTE. No olvidar cambiar la fecha de devolución!!!!!!! _o.STAFF. Colección General _d57519 |
||
| 980 |
_81 _gALBERTO SANCHEZ Responsable de Automatización |
||